La mesa de los galanes y otros cuentos /
Guardado en:
| Autor Principal: | |
|---|---|
| Formato: | Libro |
| Publicado: |
Buenos Aires :
Planeta,
2013
|
| Series: | Biblioteca Fontanarrosa
|
| Materias: | |
| Etiquetas: |
Agregar Etiqueta
Sin Etiquetas, Sea el primero en etiquetar este registro!
|
| LEADER | 01271nam a22002415a 4500 | ||
|---|---|---|---|
| 001 | CEM.cems014186 | ||
| 005 | 20131213181223.0 | ||
| 008 | 130507s2013##################000#0#####d | ||
| 003 | CEMS | ||
| 020 | |a 978950493664 | ||
| 082 | 0 | 4 | |a A868.4 |
| 100 | 1 | |a Fontanarrosa, Roberto | |
| 245 | 1 | 0 | |a La mesa de los galanes y otros cuentos / |c Roberto Fontanarrosa |
| 260 | |a Buenos Aires : |b Planeta, |c 2013 | ||
| 300 | |a 304 p. | ||
| 490 | 0 | |a Biblioteca Fontanarrosa | |
| 505 | 0 | |a Periodismo investigativo -- Maestras argentinas. Clara Dezcurra -- Ella dijo -- Beto -- Cenizas -- La Operación Medusa -- El sordo -- Noemí Prana de Tetuán (1923-1986) Una poetisa de nuestro tiempo -- Una mesa de tres patas -- Un confuso episodio -- Sixto Figazza -- Una noche en Phu Bai -- No se puede tener todo -- El experimento de Hermes Kolobrzeg -- Yo tuve un niño así -- La Mesa de los Galanes -- Un héroe olvidado: Cadete Lucio Alcides Alzamendi -- La observación de los pajaros -- ¿Qué quieres tú de mí? -- Renzo y Rossano -- La saga de los Ledrú-Rollin -- Tío Enrique -- Medieval Times | |
| 653 | |a Literatura | ||
| 653 | |a Literatura argentina | ||
| 653 | |a Cuentos | ||
| 653 | |a Narrativa | ||
| 653 | |a Humor | ||
| 859 | |a CEMS |b BIB. CEMS - 11 de abril |h A868.4 |i F734-3 |p 26753.13 |t Ej.1 | ||
